The Internet Society : Advances in Learning, Commerce and Security /

Obra que explora el impacto de Internet y las nuevas tecnologías de comunicación en la sociedad en tres campos concretos: la educación, el comercio y la seguridad. Los autores explican la naturaleza de los cambios, las razones teóricas y prácticas de la necesidad del crecimiento tecnológico y la pro...

وصف كامل

محفوظ في:
التفاصيل البيبلوغرافية
مؤلف مشترك: International Conference on The Internet Society Advances in Learning, Commerce and Security ( Inglaterra)
مؤلفون آخرون: Morgan, Konrad (edición) (edición), Spector, Michael J. (edición) (edición)
التنسيق: وقائع المؤتمر كتاب
اللغة:الإنجليزية
منشور في: Southampton, Inglaterra : WIT, 2004, c2004
سلاسل:(Advances in Information and Communication Technologies ; 1)
الموضوعات:
الوسوم: إضافة وسم
لا توجد وسوم, كن أول من يضع وسما على هذه التسجيلة!

MARC

LEADER 00000nam^a2200000^a^4500
001 000182329
005 20250521000000.0
009 20260310102003.835
020 |a 1-85312-712-4 
037 |a Acervo ITESO - Biblioteca 
041 |a ING 
082 |a 302. 23701  |b INT 2004 
111 |a International Conference on The Internet Society Advances in Learning, Commerce and Security (  |n 1o :  |d 2004 :  |c Inglaterra) 
245 1 4 |a The Internet Society :  |b Advances in Learning, Commerce and Security /  |c Ed. de K. Morgan, J.M. Spector. 
264 4 |a Southampton, Inglaterra :  |b WIT,  |c 2004, c2004 
300 |a 318 p. 
336 |a texto  |b txt  |2 rdacontenido 
337 |a sin mediación  |b n  |2 rdamedio 
338 |a volumen  |b nc  |2 rdasoporte 
440 1 |a (Advances in Information and Communication Technologies ;  |v 1) 
520 |a Obra que explora el impacto de Internet y las nuevas tecnologías de comunicación en la sociedad en tres campos concretos: la educación, el comercio y la seguridad. Los autores explican la naturaleza de los cambios, las razones teóricas y prácticas de la necesidad del crecimiento tecnológico y la profunda relación de la tecnología con el desarrollo social. 
649 |a XX 
650 |a Internet -  |x Aspectos Sociales y Culturales 
650 |a Tecnologías de Comunicación e Información -  |x Aspectos Sociales y Culturales 
650 |a Tecnologías de Comunicación e Información -  |x Aspectos Sociales y Culturales 
650 |a Sistemas Computacionales 
650 |a Máquinas para la Enseñanza 
650 |a Computadoras en la Educación 
650 |a Educación a Distancia 
650 |a Aprendizaje Colaborativo 
650 |a Negocios en Internet 
650 |a Internet -  |x Seguridad 
650 |a Desarrollo Tecnológico 
650 |a Tecnología y Sociedad 
650 |a Cultura Informática 
650 |a Sociología de la Comunicación 
700 |a Morgan, Konrad  |e (edición) 
700 |a Spector, Michael J.  |e (edición) 
910 |a Fondo General 
920 |a Impresos - Libros 
930 |a Colección General 
905 |a 101 
901 |a 0500122060  |b IT1  |c ACC  |u 20250521 
902 |a https://opac.biblio.iteso.mx/vufind/Record/000182329